00564nam a2200169 a 450000100100000000500170001000800410002704000250006808200150009310000350010824500560014326000360019930000200023504900090025595201130026499900170037700002714720200930030631.0110330s1996 dr 000 p spa d aDO-SdBNPbspacBNPHU axxxbF363a1 aFernández, Pedro Pablo9849210aAgua lírica :bpoemas /cPedro Pablo Fernández. aSanto Domingo :b[s.n.],c1996. a55 p. ;c29 cm. aBNPD 0010718PDaPDbPDcCTd2011-03-30iLF1l0oxxx F363ap27147-10r2020-06-25w2020-06-25yLFPDZNo se presta c26639d26639